[Event "FRA-chT U20 0405"]
[Site "France"]
[Date "2004.11.20"]
[Round "1.9"]
[White "Savalle, Mathilde"]
[Black "Haffoud, Paolo"]
[Result "0-1"]
[WhiteElo "1270"]
[BlackElo "1270"]
[PlyCount "52"]
[EventDate "2004.11.20"]
[EventType "team"]
[EventRounds "11"]
[EventCountry "FRA"]
[SourceTitle "CBM 103 Extra"]
[Source "ChessBase"]
[SourceDate "2005.01.01"]
[SourceVersion "1"]
[SourceVersionDate "2005.01.01"]
[SourceQuality "1"]

1. e4 d6 2. d4 Nf6 3. Nc3 g6 4. Nf3 Bg7 5. Bg5 Nbd7 6. Bb5 c6 7. Bc4 Qa5 8. 0-0 h6 9. Bd2 Nb6 10. Be2 Nbd7 11. Re1 Qc7 12. Bd3 g5 13. h3 Nf8 14. e5 dxe5 15. Nxe5 N6h7 16. Re2 Bxe5 17. Rxe5 Nd7 18. Re2 Nhf6 19. Qe1 Nf8 20. Ne4 N8h7 21. Nxf6+ Nxf6 22. Bb4 e6 23. Rd1 g4 24. hxg4 Nxg4 25. f3 Qh2+ 26. Kf1 Qh1# 0-1